000 00700nam a22001937a 4500
003 OSt
005 20250919022104.0
008 250919b |||||||| |||| 00| 0 eng d
020 _a0-660-15115-4
040 _aDWCL-Main Lib
_cOC
082 _aCirc. 613.043'2 R332 1993
245 _aReference manual :
_b post partrum parent support program
260 _ano publisher. :
_bAuthority of the Minister of Health,
_c c1993
300 _a276 p. :
_c22 cm.
504 _aIncludes bibliographical references
650 _2Maternal health services
650 _2Postnatal case-handbook, manuals, etc.
942 _2ddc
_cBK-CIRC
_hCirc. 613.043'2 R332 1993
_kCirc.
_n0
999 _c4483
_d4483